|
|
|
|
| LEADER |
00000nab a2200000 a 4500 |
| 001 |
vtls000689369 |
| 003 |
SK-MaSNL |
| 005 |
20260302181718.0 |
| 008 |
140328c xo 0 slo |
| 015 |
|
|
|a SNBRA1999/03-03430
|
| 035 |
|
|
|a CLN000041536
|
| 040 |
|
|
|a SNKBUCL
|b slo
|c SNKBUCL
|e AACR2
|
| 041 |
0 |
|
|a slo
|
| 044 |
|
|
|a xo
|c SK
|
| 080 |
|
|
|a 347.78.033(437.6):347.789
|2 1997
|
| 080 |
|
|
|a 347.789(437.6):347.78.033
|2 1997
|
| 100 |
1 |
|
|a Jánoš, Michal
|4 aut
|9 786197
|
| 245 |
1 |
0 |
|a Práva výkonných umelcov a niektoré problémy ich uplatňovania v praxi
|c Michal Jánoš
|
| 650 |
0 |
7 |
|a právo autorské
|x umelci výkonní
|x ochrana práv
|z Slovensko
|2 snkbucl
|9 892735
|
| 650 |
0 |
7 |
|a umleci výkonní
|x ochrana práv
|2 snkbucl
|9 892736
|
| 655 |
|
7 |
|a články zo zborníkov
|2 snkbucl
|9 166140
|
| 773 |
0 |
|
|t Duševné vlastníctvo v procese transformácie právneho systému
|d Bratislava : Právnická fakulta Univerzity Komenského, 1997
|g S. 216-218
|z 807160089X
|
| 850 |
|
|
|a Slovenská národná knižnica v Martine
|
| 852 |
|
|
|a SNK
|b KIS3GCP
|
| 958 |
|
|
|a SK
|
| 958 |
|
|
|a NB
|
| 992 |
|
|
|a RZB
|
| 999 |
|
|
|c 1415213
|d 1417143
|